000 00776nam a2200193 a 4500
008 111014s1995 ||||||||||||||||| || u
020 _a0683032488
050 _aQM 451 Fix
100 _aFix, James D
245 1 0 _aHigh-yield neuroanatomy
_cby James D. Fix
260 _aBaltimore:
_bWilliams and Wilkins
_c1995
300 _axiii, 111p. : ill.
350 _a0.00
650 _aNERVOUS SYSTEM--ANATOMY AND HISTOLOGY--OUTLINES
650 _aNEUROANATOMY--OUTLINES, SYLLABI, ETC
650 _aBRAIN
650 _aNERVOUS SYSTEM--ANATOMY AND HISTOLOGY--EXAMINATION QUESTIONS
995 _aMICHAEL CHILUFYA SATA OPEN ACCESS
_D0.00
_e901124
_FCBU-SCHOOL OF MEDICINE LIBRARY (Ndola)
_H1
_I0.00
_jQM 451 Fix
_M1
_UAVAILABLE
_WOct 14, 2011
_y901124
_ZMedical Library Open Access Collection
999 _c31685
_d31685